|
|
|
|
| LEADER |
00000nam a2200000Mi 4500 |
| 005 |
2012011205115.0 |
| 007 |
cr|||| |||| |
| 008 |
081021s2008 sp 000 0 spa c |
| 020 |
|
|
|a 9788498492477
|
| 035 |
|
|
|a 2722
|
| 040 |
|
|
|d vLex
|
| 043 |
|
|
|a e-sp---
|
| 090 |
|
|
|c 2914
|d 2914
|
| 100 |
1 |
|
|a Ramr̕ez Ruiz, Ral︢
|
| 245 |
1 |
0 |
|a Caciquismo y endogamia
|h [Recurso electrn̤ico] :
|b un anl̀isis del poder local en la Espaą de la Restauracin̤ (Cr̤doba, 1902-1931) /
|c Ral︢ Ramr̕ez Ruiz ; prl̤ogo: Luis Palacios Baųelos
|
| 256 |
|
|
|a Servicio en ln̕ea
|
| 260 |
|
|
|a Madrid :
|b Universidad Rey Juan Carlos :
|b Dykinson,
|c cop. 2008
|
| 300 |
|
|
|a 1 recurso electrn̤ico
|
| 500 |
|
|
|a Bibliografa̕
|
| 506 |
1 |
|
|a Contenido solo disponible en los productos indicados
|d vLex Global
|d vLex Global (Academic Edition, excluding Law Schools)
|d vLex Global (U.S. Academic Edition, Law Schools)
|d vLex Global (U.S. Academic Edition, excluding Law Schools)
|d vLex Global (Academic Edition, Law Schools)
|
| 650 |
0 |
4 |
|a Caciquismo
|z Espaą
|z Cr̤doba
|
| 650 |
0 |
4 |
|a Caciquismo
|z Andaluca̕
|z Cr̤doba (provincia)
|y 1886-1931
|
| 651 |
|
|
|a Cr̤doba (Provincia)
|x Polt̕ica y gobierno
|
| 651 |
|
|
|a Cṛdova (Provn̕cia)
|x Historia
|y 1902-1931
|
| 710 |
2 |
|
|a Universidad Rey Juan Carlos.
|b Servicio de Publicaciones
|
| 740 |
0 |
|
|a vLex Libros (Servicio en ln̕ea)
|
| 830 |
|
0 |
|a Ciencias jurd̕icas y sociales ;
|v 87
|
| 856 |
4 |
0 |
|u http://vlex.com/source/caciquismo-endogamia-analisis-poder-local-espana-restauracion-2722
|z Acceso restringido
|
| 942 |
|
|
|c BOOK
|